Catálogo
 En Linea

El poder de la imagen : (Registro nro. 37818)

Detalles MARC
000 -CABECERA
campo de control de longitud fija 00464nam a2200121 a 4500
001 - NÚMERO DE CONTROL
campo de control 000038328
005 - FECHA Y HORA DE LA ÚLTIMA TRANSACCIÓN
campo de control 20201002031229.0
008 - DATOS DE LONGITUD FIJA--INFORMACIÓN GENERAL
campo de control de longitud fija 130409s1991 it ac 000 0 spa d
040 ## - FUENTE DE LA CATALOGACIÓN
Centro catalogador/agencia de origen DO-SdBNP
Lengua de catalogación spa
Centro/agencia transcriptor BNPHU
245 03 - MENCIÓN DE TÍTULO
Título El poder de la imagen :
Resto del título Programas de diapositivas y filminas para informar, motivar y capacitar en paises en desarrollo.
260 ## - PUBLICACIÓN, DISTRIBUCIÓN, ETC.
Lugar de publicación, distribución, etc. Roma :
Nombre del editor, distribuidor, etc. Subdirección de Medios de Comunicación para el Desarrollo,
Fecha de publicación, distribución, etc. 1991.
300 ## - DESCRIPCIÓN FÍSICA
Extensión 56 p. :
Otras características físicas ils., retrs.
Existencias
Estado de retiro Estado de pérdida Restricciones de uso No para préstamo Código de colección Localización permanente Ubicación/localización actual Ubicación en estantería Fecha de adquisición Número de inventario Total de préstamos Signatura topográfica completa Código de barras Fecha visto por última vez Precio válido a partir de Tipo de ítem Koha
      Excluido de préstamo Monografías: Libros y Folletos Patrimonio Dominicano Patrimonio Dominicano En catalogación 09.04.2013 LF1   38328-10 25.06.2020 25.06.2020 No se presta

Con tecnología Koha